000 00671nam a2200217Ia 4500
001 16006
003 GE_BSU
008 181216s||||||||xx |||||||||||||| ||und||
040 _cGE_BSU
080 _a821.353.1-32
100 _aხოფერია, ჯემალ
245 _aმშობლიური კერა
245 _cრედ.რ.ართილაყვა. მხ.გ.ხოჯაშვილი
260 _aბათუმი
260 _bსაბჭ. აჭარა
260 _c1969
300 _a95 გვ. ; 16 სმ
653 _aმოთხრობები
653 _aმშობლიური კერა
942 _cBK
999 _c49099
_d49099